000 00589cam a2200229 4500
001 sa 68017091
003 DLC
005 20260227112700.0
008 710106s1968 ii 000 0 eng
010 _asa 68017091
025 _aPL480:I-E-10922
040 _aDLC
_cDLC
_dDLC
043 _aa-ii---
050 0 0 _aDS423
_b.S465
100 1 _aŚarmā, Mathurālāla,
_d1895-
245 1 0 _aIndian culture and civilization.
250 _a[1st ed.]
260 _aJaipur,
_bIndia Book House
_c[1968]
300 _avii, 311 p.
_c22 cm.
350 _a12.00
651 0 _aIndia
_xCivilization.
999 _c87517
_d87517